000 00348nam a2200133Ia 4500
005 20260328104325.0
008 260328s9999||||xx |||||||||||||| ||und||
100 _aCampo Baeza, Alberto
245 0 _aAlberto Campo Baeza, pensar con las manos /
_cAlberto Campo Baeza
260 _bNobuko
300 _a95 p.
650 _aARQUITECTOS
942 _cBK
999 _c11500
_d11500